Word Ladder: The Melody Lingers On Quiz Stats

 Plays Quiz Updated Mar 3, 2018

Challenge
Share
Tweet
Embed
Score 0/36 Timer 04:00
0 Plays Today
Hint 4-Letter Word % Correct
Birthday dessertCAKE
97.7%
Simpson sonBART
97.3%
PriceCOST
96.6%
Pulse in musicBEAT
96.6%
List of actorsCAST
96.6%
Ernie's muppet friendBERT
96.5%
Paint layerCOAT
95.5%
Internet conversationCHAT
95.4%
Sugar sourceCANE
95.4%
Shut with forceSLAM
93.5%
Goatee homeCHIN
92.7%
Dog paddledSWAM
90.6%
First manADAM
89.8%
Curds partnerWHEY
88.9%
[RUNG 1] ____ [RUNG 12]
[RUNG 20] [RUNG 31] [RUNG 36] Me
♫ CAN'T ♫
88.4%
Ocean freighterSHIP
88.4%
Move gently back and forthSWAY
88.3%
Skirt-length undergarmentSLIP
88.2%
Hint 4-Letter Word % Correct
Detective CharlieCHAN
87.4%
Interrogative regarding an objectWHAT
87%
The Beatles: _ ___ in the LifeA DAY
86.6%
Semiconducting waferCHIP
86.4%
Country yodeler WhitmanSLIM
85.9%
Sharpen a bladeWHET
85.4%
[RUNG 1] [RUNG 9] ____
[RUNG 20] [RUNG 31] [RUNG 36] Me
♫ TAKE ♫
79.9%
[RUNG 1] [RUNG 9] [RUNG 12]
[RUNG 20] ____ [RUNG 36] Me
♫ AWAY ♫
79.6%
Comparative function wordTHAN
79.3%
____ [RUNG 9] [RUNG 12]
[RUNG 20] [RUNG 31] [RUNG 36] Me
♫ THEY ♫
75%
Knave of hearts targetTART
73.7%
[RUNG 1] [RUNG 9] [RUNG 12]
____ [RUNG 31] [RUNG 36] Me
♫ THAT ♫
72.4%
Decayed vegetable matter PEAT
72.3%
Weight deduction on a balanceTARE
72%
[RUNG 1] [RUNG 9] [RUNG 12]
[RUNG 20] [RUNG 31] ____ Me
♫ FROM (Me) ♫
69.4%
Excellent (informally)PHAT
60%
Oil filter companyFRAM
58.3%
Syria in biblical timesARAM
57.8%

Today's Daily Dose

Word Ladder
Aquatic Life

On This Day
August 21st II

You're not logged in!

Compare scores with friends on all Sporcle quizzes.
Join for Free
OR
Log In

You Might Also Like...

Show Comments

Extras

Top Quizzes Today


Score Distribution

Your Account Isn't Verified!

In order to create a playlist on Sporcle, you need to verify the email address you used during registration. Go to your Sporcle Settings to finish the process.

Report this User

Report this user for behavior that violates our Community Guidelines.

Details: